000 00902nam a2200217 a 4500
003 0
005 20250321162800.0
008 060801s19uu xx 00 eng d
050 _aPGS LB 3013.C55
_b.K96 2006
100 _aKuroda, Yusuke.
245 _aA study on the effects of classroom management practices of teachers on the behavior of grade 5 and 6 students /
_cYusuke Kuroda.
260 _aLas PiƱas City, Philippines :
_bSouthville International School and Colleges,
_c2006.
300 _a72 pages :
_billustrations ;
_c28 cm.
504 _aIncludes bibliographical references.
650 _aClassroom management
_vPsychological aspects.
650 _aClassroom environment
_vEffects on students.
650 _aSchool discipline
_vInfluence on student behavior.
650 _aBehavioral assessment in education.
650 _aElementary school students
_vBehavior.
942 _2lcc
_cPASS
999 _c97506
_d97506